Statistics for 100 Best Football Players of All Time

Click here to take the quiz!

General Stats

  • This quiz has been taken 182 times
    (156 since last reset)
  • The average score is 54 of 100

Answer Stats

RankActive?CountryPositionAnswer% Correct
2YesPortugalForwardCristiano Ronaldo
100%
1YesArgentinaForwardLionel Messi
100%
8NoBrazilForwardRonaldo Nazario
98%
4NoArgentinaForwardDiego Maradona
97%
3NoBrazilForwardPele
97%
7NoFranceMidfielderZinedine Zidane
95%
31YesBrazilForwardNeymar
94%
5NoNetherlandsForwardJohan Cruyff
93%
14NoSpainMidfielderXavi Hernandez
93%
6NoItalyDefenderPaolo Maldini
92%
17YesSpainMidfielderAndres Iniesta
85%
39YesCroatiaMidfielderLuka Modrić
83%
27YesUruguayForwardLuis Suarez
82%
13NoBrazilForwardRonaldinho Gaucho
82%
19NoGermanyForwardGerd Muller
81%
24YesGermanyGoalkeeperManuel Neuer
81%
23YesPolandForwardRobert Lewandowski
81%
57YesGermanyMidfielderThomas Muller
81%
12NoNorthern IrelandForwardGeorge Best
80%
10NoHungaryForwardFerenc Puskas
78%
9NoGermanyDefenderFranz Beckenbauer
78%
87NoGermanyGoalkeeperOliver Kahn
78%
28YesSpainDefenderSergio Ramos
76%
84YesBelgiumMidfielderKevin de Bruyne
74%
67YesFranceForwardKylian Mbappe
74%
26NoRussiaGoalkeeperLev Yashin
70%
36NoSpainGoalkeeperIker Casillas
69%
46NoFranceForwardThierry Henry
69%
34NoItalyGoalkeeperGianluigi Buffon
68%
22NoBrazilDefenderRoberto Carlos
68%
70NoIvory CoastForwardDidier Drogba
67%
72YesEgyptForwardMohamed Salah
67%
78NoGermanyDefenderPhilipp Lahm
66%
11NoArgentina/SpainForwardAlfredo Di Stefano
64%
99YesNetherlandsDefenderVirgil van Dijk
63%
97YesEnglandForwardHarry Kane
61%
75NoSwedenForwardZlatan Ibrahimović
61%
40NoNetherlandsMidfielderRuud Gullit
60%
21NoNetherlandsForwardMarco van Basten
58%
47NoEnglandMidfielderSteven Gerrard
58%
79YesFranceForwardKarim Benzema
57%
16NoFranceMidfielderMichel Platini
57%
35NoItalyDefenderFabio Cannavaro
56%
18NoBrazilForwardGarrincha
56%
45NoBrazilForwardRivaldo
56%
29YesSpainMidfielderSergio Busquets
56%
25NoItalyMidfielderAndrea Pirlo
55%
55NoItalyDefenderAlessandro Nesta
54%
43NoBrazilDefenderCafu
53%
51NoSpainDefenderCarles Puyol
53%
30NoPortugalForwardEusebio
52%
93NoCzech RepublicGoalkeeperPetr Cech
52%
65NoEnglandMidfielderFrank Lampard
51%
48NoUkraineForwardAndriy Shevchenko
50%
33NoItalyDefenderFranco Baresi
49%
20NoEnglandForwardBobby Charlton
48%
63NoSerbiaDefenderNemanja Vidić
48%
85NoCzech RepublicForwardPavel Nedved
47%
68NoSpainForwardFernando Torres
45%
38NoGermanyMidfielderLothar Matthaus
45%
81NoEnglandForwardAlan Shearer
44%
98YesBrazilDefenderMarcelo
44%
52NoBrazilForwardRomario
44%
73NoBulgariaForwardHristo Stoichkov
43%
49NoItalyForwardRoberto Baggio
43%
66NoItalyForwardAlessandro del Piero
42%
41NoEnglandMidfielderDavid Beckham
42%
56NoFranceMidfielderPatrick Vieira
41%
62NoNetherlandsForwardArjen Robben
40%
94NoEnglandDefenderRio Ferdinand
40%
61NoBrazilMidfielderSocrates
40%
77NoEnglandDefenderBobby Moore
38%
83NoScotlandForwardKenny Dalglish
38%
69NoGemanyForwardMiroslav Klose
38%
15NoBrazilForwardZico
38%
96NoNetherlandsForwardRobin van Persie
37%
91NoCroatiaForwardDavor Suker
35%
88NoBrazilGoakeeperDida
35%
89NoArgentinaMidfielderRodrigo Riquelme
35%
59NoBrazilDefenderCarlos Alberto
34%
100NoArgentinaForwardHernan Crespo
32%
53NoSpainMidfielderXabi Alonso
32%
76NoWalesForwardIan Rush
31%
44NoSpainForwardRaul Gonzalez
31%
82NoNetherlandsDefenderRonald Koeman
30%
92NoFranceMidfielderClaude Makelele
29%
90NoNetherlandsForwardDennis Bergkamp
27%
37NoBrazilForwardJairzinho
26%
54NoArgentinaDefenderJavier Zanetti
26%
50NoGermanyMidfielderBastian Schweinsteiger
25%
86NoFranceForwardDavid Trezeguet
25%
64NoItalyDefenderGianluca Zambrotta
22%
74NoFranceDefenderLilian Thuram
22%
95NoEnglandForwardGary Lineker
18%
80NoItalyForwardGianfranco Zola
15%
60NoArgentinaForwardMario Kempes
15%
42NoItalyForwardGiuseppe Meazza
11%
32NoHungaryForwardSandor Kocsis
9%
71NoBrazilForwardRivellino
7%
58NoPolandMidfielderZbigniew Boniek
7%

Score Distribution

Percentile by Number Answered

Percent of People with Each Score

Your Score History

You have not taken this quiz since the last reset